000 00357 a2200169 4500
001 184293
020 _a
040 _cMagnum
100 _aCunha, Leo
240 1 0 _aConversa pra boy dormir
_lpor
245 1 0 _aConversa pra boy dormir
300 _a45
362 0 _a1995
440 1 _aDimensão
697 _aLITERATURA INFANTO-JUVENIL
942 _cBK
999 _c184293
_d184293